Chinnery's hotel / (Record no. 25762)
[ view plain ]
| 000 -LEADER | |
|---|---|
| fixed length control field | 00759 a2200217 4500 |
| 005 - DATE AND TIME OF LATEST TRANSACTION | |
| control field | 20190305161955.0 |
| 008 - FIXED-LENGTH DATA ELEMENTS--GENERAL INFORMATION | |
| fixed length control field | 080826t xxu||||| |||| 00| 0beng d |
| 010 ## - LCCN (DPL NO) | |
| LC control number | B-284293 |
| 020 ## - INTERNATIONAL STANDARD BOOK NUMBER | |
| International Standard Book Number | 8175300558 |
| Terms of availability | 275.00 |
| 035 ## - SYSTEM CONTROL NUMBER | |
| System control number | B-284293, B-167173, B-213937,B-213951 |
| 037 ## - SOURCE OF ACQUISITION | |
| Source of stock number/acquisition | Aakar |
| 040 ## - CATALOGING SOURCE | |
| Original cataloging agency | dpl |
| Language of cataloging | English |
| 082 ## - DEWEY DECIMAL CLASSIFICATION NUMBER | |
| Classification number | N |
| 100 ## - MAIN ENTRY--PERSONAL NAME | |
| Personal name | Birjepatil, Jaysinh |
| 245 ## - TITLE STATEMENT | |
| Title | Chinnery's hotel / |
| Statement of responsibility, etc | by Jaysinh Birjepatil |
| 260 ## - PUBLICATION, DISTRIBUTION, ETC. (IMPRINT) | |
| Place of publication, distribution, etc | New Delhi |
| Name of publisher, distributor, etc | Ravi Dayal Publishers |
| Date of publication, distribution, etc | 2004 |
| 270 ## - ADDRESS | |
| Address | 51-E, Sujan singh Park |
| Postal code | 110 003 |
| City | New Delhi |
| 300 ## - PHYSICAL DESCRIPTION | |
| Extent | xi, 261p. |
| Dimensions | 23cm. (Hb) |
| 942 ## - ADDED ENTRY ELEMENTS (KOHA) | |
| Institution code [OBSOLETE] | dpl |
| Item type | English Books |
| Source of classification or shelving scheme | Dewey Decimal Classification |
| Classification part | N |
| Call number suffix | BRI |
| Withdrawn status | Lost status | Source of classification or shelving scheme | Damaged status | Not for loan | Collection code | Home library | Current library | Date acquired | Source of acquisition | Cost, normal purchase price | Total Checkouts | Total Renewals | Full call number | Barcode | Date last seen | Copy number | Cost, replacement price | Koha item type |
|---|---|---|---|---|---|---|---|---|---|---|---|---|---|---|---|---|---|---|
| Dewey Decimal Classification | Fiction | Patel Nagar | Patel Nagar | 10/07/2018 | BPPD/Pub | 275.00 | N BRI | B-167173 | 10/07/2018 | 275.00 | English Books | |||||||
| Dewey Decimal Classification | Fiction | Patel Nagar | Patel Nagar | 10/07/2018 | BPPD/Pub | 275.00 | N BRI | B-213937 | 10/07/2018 | 275.00 | English Books | |||||||
| Dewey Decimal Classification | Fiction | Sarojini Nagar | Sarojini Nagar | 17/12/2018 | N BRI | B-213941 | 17/12/2018 | English Books | ||||||||||
| Dewey Decimal Classification | Fiction | Vigyan Vihar | Vigyan Vihar | 05/03/2019 | BPPD/PUB | 275.00 | N BRI | B-213951 | 05/03/2019 | 275.00 | English Books | |||||||
| Dewey Decimal Classification | Fiction | Vinoba Puri | Vinoba Puri | 15/04/2009 | Aakar Books/I-249/1.8.08/182/21.7.08/13.8.08 | 275.00 | 4 | 2 | N BRI | B-284293 | 17/01/2022 | 1 | 275.00 | English Books | ||||
| Dewey Decimal Classification | Fiction | Yojana Vihar | Yojana Vihar | 27/09/2019 | BPPD/PUB | 275.00 | 4 | 4 | N BRI | B-213950 | 03/09/2024 | 275.00 | English Books |
